A la sombra de el maestro / (Registro nro. 49609)

Detalles MARC
000 -LEADER
fixed length control field 01053nam a2200289 4500
001 - CONTROL NUMBER
control field 0000023904
003 - CONTROL NUMBER IDENTIFIER
control field CO-CtgCURN
005 - DATE AND TIME OF LATEST TRANSACTION
control field 20250825223112.0
008 - FIXED-LENGTH DATA ELEMENTS--GENERAL INFORMATION
fixed length control field 160627s2014 000 0 eng d
020 ## - INTERNATIONAL STANDARD BOOK NUMBER
International Standard Book Number 9789588715520
040 ## - CATALOGING SOURCE
Original cataloging agency CO-CtgCURN
Language of cataloging spa
Transcribing agency coctgcurn
082 0# - DEWEY DECIMAL CLASSIFICATION NUMBER
Classification number 923.3
Item number S572
100 1# - MAIN ENTRY--PERSONAL NAME
Personal name Sierra Montoya, Jorge Emilio,
Dates associated with a name 1955.
245 15 - TITLE STATEMENT
Title A la sombra de el maestro /
Statement of responsibility, etc. Jorge Emilio Sierra Montoya.
260 ## - PUBLICATION, DISTRIBUTION, ETC.
Place of publication, distribution, etc. Barranquilla :
Name of publisher, distributor, etc. Universidad Simon Bolívar,
Date of publication, distribution, etc. 2014.
300 ## - PHYSICAL DESCRIPTION
Extent 169 p.
336 ## - CONTENT TYPE
Source rdacontent
337 ## - MEDIA TYPE
Source rdamedia
Media type term sin mediacion
Media type code n
338 ## - CARRIER TYPE
Source rdacarrier
Carrier type term volumen
Carrier type code nc
500 ## - GENERAL NOTE
General note Incluye indice.
505 8# - FORMATTED CONTENTS NOTE
Formatted contents note Un sueño hecho realidad -- Lecciones sobre la universidad -- Presente y futuro de la universidad -- Epilogo
600 10 - SUBJECT ADDED ENTRY--PERSONAL NAME
Personal name Consuegra Higgins, José,
Dates associated with a name 1924-2013
Form subdivision Correspondencia, memorias, etc.
650 #0 - SUBJECT ADDED ENTRY--TOPICAL TERM
Topical term or geographic name entry element Economistas colombianos
Form subdivision Biografias.
908 ## - PUT COMMAND PARAMETER (RLIN)
Put command parameter 160627
942 ## - ADDED ENTRY ELEMENTS (KOHA)
Koha item type Libros
Classification part 923.3
Item part S572
Source of classification or shelving scheme Dewey Decimal Classification
999 ## - SYSTEM CONTROL NUMBERS (KOHA)
-- 1

No hay ítems disponibles.